| 000 | 00747nam a22001937a 4500 | ||
|---|---|---|---|
| 005 | 20240530110935.0 | ||
| 008 | 220214s1995 ua g 000 p ara d | ||
| 040 |
_aEG-CaGPL _cEG-CaGPL |
||
| 082 | 0 | 4 |
_221 _a811.4\ _bع ت |
| 100 | 0 | _aعثمان موافى | |
| 245 | 1 | 2 |
_aالتيارات الاجنبية فى الشعر العربى : _bمنذ العصر العباسى حتى نهاية القرن الثالث الهجرى / _cعثمان موافى |
| 250 | _aط. 2 | ||
| 260 |
_aالاسكندرية : _bدار المعرفة الجامعية، _c2006 |
||
| 300 |
_a457 ص. ؛ _c24 سم |
||
| 650 | 0 | 7 |
_2qrmak _aالشعر العربى |
| 650 | 0 | 7 |
_aالشعر العربى _yالعصر العباسى |
| 651 | _2qrmak | ||
| 942 |
_2ddc _cBK |
||
| 999 |
_c66726 _d66726 |
||